| 000 | 00515nam a2200181Ia 4500 | ||
|---|---|---|---|
| 005 | 20230801103919.0 | ||
| 008 | 131103s9999 xx 000 0 und d | ||
| 040 | _aLoreto College | ||
| 041 | _aEnglish | ||
| 082 |
_aF _bFRA |
||
| 100 | _aFrank,Anne | ||
| 245 |
_aAnne Frank _b The diary of a young girl _cAnne Frank; translated from the Dutch by B.M.Mooyaart Doubleday |
||
| 260 |
_aNew York _bThe Modern Library _c1952 |
||
| 300 | _a283 p. | ||
| 650 | _aFiction in English | ||
| 850 | _aLCLIB | ||
| 942 | _cBK | ||
| 999 |
_c14347 _d64826 |
||